000 00957nam a22002657a 4500
999 _c957
_d957
001 003499
003 CoMeUDC003499
005 20190122183129.0
008 140920s2013 ck a gr 00010 spa d
020 _a9789587621723
040 _aCO-BoBLA
_bspa
_cCoMeUDC
082 0 4 _a378.17
_bS238
_221
100 _aSanz de Acedo Lizarraga, María Luisa.
_91289
245 1 0 _aCompetencias cognitivas en educación superior /
_cMa. Luisa Sanz de Acedo Lizarraga.
250 _aSegunda edición.
260 _aBogotá :
_bEdiciones de la U ;
_aMadrid :
_bNarcea,
_c2013.
300 _a159 páginas :
_bilustraciones ;
_c24 cm.
490 1 _aEducación
504 _aIncluye referencias bibliográficas (páginas 156-159)
650 0 _aEducación superior.
_91290
650 0 _aCompetencias en educación superior.
_91291
650 0 _aEducación superior
_x Toma de decisiones.
_91292
942 _2ddc
_cBK
949 _an
_bn